000 003300000a22001450004500
003 MACL
040 _aMACL
090 _c32831
_d32829
100 _aKaufeld, John
245 _aRoxpro 26 For Windows for Dummies
260 _bComdex Pustak mahal
_c1997
350 _a135
650 _aComputer probraming
942 _cBOOK
_k005/Kau
999 _c32495
_d32495